Statistics for September 8th: Birthdays

Click here to take the quiz!

General Stats

  • This quiz has been taken 4 times
  • The average score is 3 of 11

Answer Stats

YearClueAnswer% Correct
1932Artist of "Walkin' After Midnight"Patsy Cline
75%
1925Part of Pink PantherPeter Sellers
75%
1941PoliticianBernie Sanders
50%
1841Assassin of James A. GarfieldCharles J. Guiteau
50%
1157King of EnglandRichard the Lionheart
50%
1987Two Time Olympic Gold MedalistAlexandre Bilodeau
0%
1989Artist of LevelsAvicii
0%
1830Won Nobel 1904Frederic Mistral
0%
1897Country SingerJimmie Rodgers
0%
1971Actor in The HobbitMartin Freeman
0%
1979Artist of TryPink
0%

Score Distribution

Percentile by Number Answered

Percent of People with Each Score

Your Score History

You have not taken this quiz